Rappeur français avec un titre 7 - Statistiques

Statistiques générales
  • Ce quiz a été pris 3 408 fois
  • Le résultat moyen est 8 sur 15
Statistiques - réponses
Titre Rappeur % Correct
Au DD PNL
98%
Amnesie Damso
90%
Ma jolie Jul
87%
Meuda Tiakola
87%
Attentat PLK
82%
Mona Lisa Booba
77%
Cabeza Oboy
70%
Jour Meilleur Orelsan
57%
Je vous déteste tous Lorenzo
56%
La vrai vie Bigflo et oli
38%
Cosmos (ft PLK) Rim'k
30%
Mollu Gazo
21%
Si j'pars (ft Todiefor) 47Ter
5%
Dimanche Kik
4%
Promo Ico
2%
Aucun quiz correspondant
Distribution des résultats
% des personnes avec chaque résultat
Percentile par nombre de réponses
Votre historique - résultats
Vous n’avez pas pris ce quiz